000 00895nam a22002537a 4500
005 20170123164145.0
010 _aB-230736
020 _c150.00
_a9788171421824
035 _aB-230736
037 _bCen Lib / Ret
_a
040 _aDPL
_bPN
082 _a
_bਬਾਲੀਬ
100 _aਬਾਲੀ, ਬਲਜੀਤ ਕੌਰ
_942591
245 _aਠਰੀ ਰਾਤ /
_cਬਲਜੀਤ ਕੌਰ ਬਾਲੀ
246 _aThari raat /
_bby Baljeet Kaur Bali
260 _aਦਿੱਲੀ
_bਲੋਕਗੀਤ ਪ੍ਰਕਾਸ਼ਨ
_c2007
270 _bChandigarh
_aSCo 26-27, Sector 34A
_e160022
300 _a170p.
_c22cm(Hb)
650 _aਸਾਹਿਤ -- ਪੰਜਾਬੀ
_9121617
650 _aਪੰਜਾਬੀ ਨਾਵਲ
_9121618
650 _aLiterature -- Punjabi
_9114104
650 _aPunjabi Novel
_96285
942 _2ddc
_cPN
_h
_mਬਾਲੀਬ
999 _c109965
_d109965